Statistiques concernant Les pays avec le plus d'éoliennes

Cliquez ici pour prendre le quiz!

Statistiques générales

  • Ce quiz a été pris 62 fois
  • Le résultat moyen est 13 sur 15

Statistiques - réponses

Nombre d'éoliennesPays% Correct
44 947Allemagne
98%
145 014Chine
97%
10 358France
97%
23 025Espagne
95%
11 200Canada
92%
8958Italie
92%
6025Suède
90%
74 471Etats-Unis
88%
5079Portugal
85%
13 603Royaume-Uni
83%
8715Brésil
82%
5063Danemark
82%
25 088Inde
80%
5100Pologne
73%
4694Turquie
58%

Distribution des résultats

Percentile par nombre de réponses

% des personnes avec chaque résultat

Votre développement - résultats

Vous n’avez pas pris ce quiz